| 000 | 01495cam a2200289 4500500 | ||
|---|---|---|---|
| 005 | 20260329012343.0 | ||
| 041 | _afre | ||
| 042 | _adc | ||
| 100 | 1 | 0 |
_aTourenne, Yves _eauthor |
| 245 | 0 | 0 | _aClaude Tresmontant et la découverte émerveillée du Réel. In memoriam |
| 260 | _c2025. | ||
| 500 | _a33 | ||
| 520 | _aClaude Tresmontant fut un métaphysicien chrétien original, enraciné dans la pensée hébraïque et engagé dans un dialogue rigoureux entre foi, science et philosophie. Il opposa un réalisme émerveillé aux courants idéalistes ou subjectivistes de son temps. Sa pensée s’inscrit dans une recherche exigeante de la vérité du Réel. | ||
| 520 | _aClaude Tresmontant was a unique Christian metaphysician, rooted in Hebrew thought and committed to a rigorous dialogue between faith, science, and philosophy. He opposed idealism and subjectivism with a joyful realism open to truth. His work embodies an exacting search for the meaning of the Real. | ||
| 690 | _aCosmologie | ||
| 690 | _aMétaphysique | ||
| 690 | _aPensée hébraïque | ||
| 690 | _aPhilosophie chrétienne | ||
| 690 | _aRévélation | ||
| 690 | _aChristian philosophy | ||
| 690 | _aCosmology | ||
| 690 | _aHebrew thought | ||
| 690 | _aMetaphysics | ||
| 690 | _aRevelation | ||
| 786 | 0 | _nNouvelle revue théologique | 148 | 1 | 2025-12-09 | p. 88-102 | 0029-4845 | |
| 856 | 4 | 1 | _uhttps://shs.cairn.info/revue-nouvelle-revue-theologique-2025-5-page-88?lang=fr&redirect-ssocas=7080 |
| 999 |
_c1870224 _d1870224 |
||